Loading...
Literature - British Literature | 5 | 3 | 1 | 0 | 100 | 24 | 71.63 | 4 | 8 |
Literature - World Literature | 3 | 5 | 0 | 0 | 95 | 41 | 84.13 | 5 | 7 |
Science - Biology | 5 | 1 | 1 | 1 | 80 | 20 | 54.17 | 4 | 5 |
Science - Chemistry | 4 | 1 | 1 | 0 | 65 | 26 | 51.80 | 5 | 5 |
Religion | 0 | 6 | 0 | 0 | 60 | 62 | 74.33 | 4 | 5 |
History - European History | 0 | 5 | 0 | 3 | 50 | 68 | 107.80 | 1 | 2 |
Literature - European Literature | 2 | 2 | 1 | 0 | 45 | 43 | 85.25 | 2 | 4 |
Fine Arts - Other Fine Arts | 0 | 4 | 0 | 2 | 40 | 83 | 115.75 | 0 | 2 |
Literature - American Literature | 2 | 2 | 2 | 0 | 40 | 45 | 71.50 | 2 | 4 |
Mythology | 2 | 1 | 0 | 1 | 40 | 48 | 82.00 | 2 | 2 |
Fine Arts - Auditory Fine Arts | 1 | 2 | 0 | 1 | 35 | 31 | 90.00 | 1 | 3 |
Fine Arts - Visual Fine Arts | 0 | 3 | 0 | 0 | 30 | 98 | 115.00 | 1 | 1 |
Science - Physics | 0 | 3 | 0 | 2 | 30 | 92 | 113.00 | 0 | 2 |
Philosophy | 0 | 4 | 3 | 0 | 25 | 67 | 91.50 | 1 | 4 |
History - World History | 1 | 2 | 2 | 1 | 25 | 69 | 96.00 | 0 | 1 |
Social Science | 0 | 2 | 2 | 1 | 10 | 128 | 132.00 | 0 | 1 |
Geography | 0 | 2 | 2 | 1 | 10 | 64 | 102.50 | 0 | 1 |
Other Academic | 0 | 1 | 0 | 0 | 10 | 110 | 110.00 | 0 | 0 |
Current Events | 0 | 1 | 0 | 0 | 10 | 108 | 108.00 | 0 | 0 |
History - Other History | 0 | 1 | 1 | 0 | 5 | 89 | 89.00 | 0 | 1 |